000 00688nam a2200193Ii 4500
003 JO-AjNU
008 230605s9999||||xx |||||||||||||| ||und||
040 _aJO-AjNU
_bara
_erda
_cJO-AjNU
041 _aara
050 1 4 _aQA76.5.H87 2007
100 3 _aحسين، فاروق السيد,
_eauthor
_938595
245 0 0 _aالحاسب الالي المحمول
264 3 1 _aالقاهرة:دار هلا للنشر ،2007
300 _a150ص
336 _atext
_btxt
_2rdacontent
337 _aunmediated
_bn
_2rdamedia
338 _avolume
_bnc
_2rdacarrier
650 4 _a الحاسبات الإكترونية المحمولة-الحاسبات الالكترونية الشخصية
_938596
999 _aA16228
_c19796
_d19796